<?xml version="1.0" encoding="UTF-8"?>
<record
    xmlns:xsi="http://www.w3.org/2001/XMLSchema-instance"
    xsi:schemaLocation="http://www.loc.gov/MARC21/slim http://www.loc.gov/standards/marcxml/schema/MARC21slim.xsd"
    xmlns="http://www.loc.gov/MARC21/slim">

  <leader>02579nam a22002417a 4500</leader>
  <controlfield tag="005">20241001155653.0</controlfield>
  <controlfield tag="008">220319b           ||||| |||| 00| 0 eng d</controlfield>
  <datafield tag="020" ind1=" " ind2=" ">
    <subfield code="a">9789386534156</subfield>
  </datafield>
  <datafield tag="040" ind1=" " ind2=" ">
    <subfield code="c">Aloy</subfield>
  </datafield>
  <datafield tag="041" ind1=" " ind2=" ">
    <subfield code="a">hin</subfield>
  </datafield>
  <datafield tag="082" ind1=" " ind2=" ">
    <subfield code="2">23</subfield>
    <subfield code="a">H891.3</subfield>
    <subfield code="b">KUMC</subfield>
  </datafield>
  <datafield tag="100" ind1=" " ind2=" ">
    <subfield code="a">Pravin Kumar:</subfield>
    <subfield code="9">181108</subfield>
  </datafield>
  <datafield tag="100" ind1=" " ind2=" ">
    <subfield code="9">24242</subfield>
    <subfield code="d"> &#x92A;&#x94D;&#x930;&#x935;&#x940;&#x923; &#x915;&#x941;&#x92E;&#x93E;&#x930; </subfield>
  </datafield>
  <datafield tag="245" ind1=" " ind2=" ">
    <subfield code="a">Chhabila rangbaaz ka shahar: </subfield>
    <subfield code="b">&#x91B;&#x92C;&#x940;&#x932;&#x93E; &#x930;&#x902;&#x917;&#x92C;&#x93E;&#x91C;&#x93C; &#x915;&#x93E; &#x936;&#x939;&#x930; </subfield>
  </datafield>
  <datafield tag="260" ind1=" " ind2=" ">
    <subfield code="a">Delhi</subfield>
    <subfield code="b">Rajpal &amp; Sons</subfield>
    <subfield code="c">2017</subfield>
  </datafield>
  <datafield tag="300" ind1=" " ind2=" ">
    <subfield code="a">222p.</subfield>
    <subfield code="b">PB</subfield>
    <subfield code="c">21x14 cm.</subfield>
  </datafield>
  <datafield tag="365" ind1=" " ind2=" ">
    <subfield code="2">Hindi</subfield>
    <subfield code="a">6476</subfield>
    <subfield code="b">220.00</subfield>
    <subfield code="c">&#x20B9;</subfield>
    <subfield code="d">275.00</subfield>
    <subfield code="e">20%</subfield>
    <subfield code="f">12-03-2022</subfield>
  </datafield>
  <datafield tag="520" ind1=" " ind2=" ">
    <subfield code="a">&#x91C;&#x93C;&#x94B;&#x930;&#x926;&#x93E;&#x930; &#x915;&#x925;&#x93E;&#x928;&#x915;, &#x915;&#x939;&#x93E;&#x928;&#x940; &#x915;&#x939;&#x928;&#x947; &#x915;&#x940; &#x905;&#x92A;&#x928;&#x940; &#x905;&#x928;&#x94B;&#x916;&#x940; &#x936;&#x948;&#x932;&#x940;, &#x938;&#x936;&#x915;&#x94D;&#x924; &#x914;&#x930; &#x938;&#x91C;&#x940;&#x935; &#x91A;&#x93F;&#x924;&#x94D;&#x930;&#x93E;&#x902;&#x915;&#x928; &#x915;&#x93F; &#x915;&#x939;&#x93E;&#x928;&#x940; &#x92A;&#x922;&#x93C;&#x924;&#x947; &#x939;&#x941;&#x90F; &#x92A;&#x93E;&#x920;&#x915; &#x909;&#x938;&#x940; &#x92A;&#x930;&#x93F;&#x935;&#x947;&#x936; &#x92E;&#x947;&#x902; &#x938;&#x930;&#x93E;&#x92C;&#x94B;&#x930; &#x939;&#x94B; &#x91C;&#x93E;&#x924;&#x93E; &#x939;&#x948; &#x91C;&#x93F;&#x938; &#x915;&#x93E;&#x930;&#x923; &#x939;&#x93F;&#x928;&#x94D;&#x926;&#x940; &#x915;&#x947; &#x935;&#x930;&#x93F;&#x937;&#x94D;&#x920; &#x938;&#x93E;&#x939;&#x93F;&#x924;&#x94D;&#x92F;&#x915;&#x93E;&#x930; &#x915;&#x93E;&#x936;&#x940;&#x928;&#x93E;&#x925; &#x938;&#x93F;&#x902;&#x939; &#x928;&#x947; &#x907;&#x938;&#x947; &#x938;&#x930;&#x93E;&#x939;&#x93E; &#x939;&#x948;&#x964; &#x92F;&#x941;&#x935;&#x93E; &#x932;&#x947;&#x916;&#x915; &#x92A;&#x94D;&#x930;&#x935;&#x940;&#x923; &#x915;&#x941;&#x92E;&#x93E;&#x930; &#x915;&#x940; &#x907;&#x928; &#x91A;&#x93E;&#x930; &#x932;&#x92E;&#x94D;&#x92C;&#x940; &#x915;&#x939;&#x93E;&#x928;&#x93F;&#x92F;&#x94B;&#x902; &#x92E;&#x947;&#x902; &#x91B;&#x94B;&#x91F;&#x947;-&#x92C;&#x921;&#x93C;&#x947; &#x936;&#x939;&#x930;&#x94B;&#x902; &#x914;&#x930; &#x915;&#x938;&#x94D;&#x92C;&#x94B;&#x902; &#x915;&#x940; &#x91C;&#x93C;&#x93F;&#x928;&#x94D;&#x926;&#x917;&#x940; &#x915;&#x93E; &#x939;&#x930; &#x92A;&#x939;&#x932;&#x942;, &#x935;&#x939;&#x93E;&#x901; &#x915;&#x940; &#x92C;&#x94B;&#x932;&#x940;, &#x92A;&#x939;&#x928;&#x93E;&#x935;&#x947;, &#x938;&#x92C;&#x915;&#x94B; &#x92C;&#x939;&#x941;&#x924; &#x92C;&#x93E;&#x930;&#x940;&#x915;&#x940; &#x938;&#x947; &#x909;&#x915;&#x947;&#x930;&#x93E; &#x939;&#x948; &#x914;&#x930; &#x907;&#x924;&#x928;&#x93E; &#x930;&#x94B;&#x91A;&#x915; &#x92C;&#x928;&#x93E; &#x926;&#x93F;&#x92F;&#x93E; &#x939;&#x948; &#x915;&#x93F; &#x91B;&#x92C;&#x940;&#x932;&#x93E; &#x930;&#x902;&#x917;&#x92C;&#x93E;&#x91C;&#x93C; &#x90F;&#x915; &#x92F;&#x93E;&#x926;&#x917;&#x93E;&#x930; &#x915;&#x93F;&#x930;&#x926;&#x93E;&#x930; &#x92C;&#x928; &#x91C;&#x93E;&#x924;&#x93E; &#x939;&#x948;&#x964; &#x930;&#x941;&#x91D;&#x93E;&#x928; &#x938;&#x947; &#x907;&#x924;&#x93F;&#x939;&#x93E;&#x938;, &#x905;&#x935;&#x927;&#x93E;&#x930;&#x923;&#x93E; &#x914;&#x930; &#x938;&#x93E;&#x939;&#x93F;&#x924;&#x94D;&#x92F; &#x915;&#x947; &#x936;&#x94B;&#x927;&#x93E;&#x930;&#x94D;&#x925;&#x940; &#x92A;&#x94D;&#x930;&#x935;&#x940;&#x923; &#x915;&#x941;&#x92E;&#x93E;&#x930; &#x926;&#x93F;&#x932;&#x94D;&#x932;&#x940; &#x935;&#x93F;&#x936;&#x94D;&#x935;&#x935;&#x93F;&#x926;&#x94D;&#x92F;&#x93E;&#x932;&#x92F; &#x915;&#x947; &#x938;&#x924;&#x94D;&#x92F;&#x935;&#x924;&#x940; &#x915;&#x949;&#x932;&#x947;&#x91C; &#x92E;&#x947;&#x902; &#x939;&#x93F;&#x928;&#x94D;&#x926;&#x940; &#x915;&#x947; &#x938;&#x939;&#x93E;&#x92F;&#x915; &#x92A;&#x94D;&#x930;&#x94B;&#x92B;&#x93C;&#x947;&#x938;&#x930; &#x939;&#x948;&#x902;&#x964; &#x935;&#x93F;&#x92D;&#x93F;&#x928;&#x94D;&#x928; &#x92A;&#x924;&#x94D;&#x930;-&#x92A;&#x924;&#x94D;&#x930;&#x93F;&#x915;&#x93E;&#x913;&#x902; &#x92E;&#x947;&#x902; &#x92A;&#x94D;&#x930;&#x915;&#x93E;&#x936;&#x93F;&#x924; &#x907;&#x928;&#x915;&#x947; &#x932;&#x947;&#x916;&#x94B;&#x902; &#x914;&#x930; &#x915;&#x939;&#x93E;&#x928;&#x93F;&#x92F;&#x94B;&#x902; &#x928;&#x947; &#x907;&#x928;&#x94D;&#x939;&#x947;&#x902; &#x90F;&#x915; &#x909;&#x92D;&#x930;&#x924;&#x947; &#x939;&#x941;&#x90F; &#x915;&#x939;&#x93E;&#x928;&#x940;&#x915;&#x93E;&#x930; &#x915;&#x940; &#x92A;&#x939;&#x91A;&#x93E;&#x928; &#x926;&#x940; &#x939;&#x948;&#x964;</subfield>
  </datafield>
  <datafield tag="650" ind1=" " ind2=" ">
    <subfield code="a">Hindi Fiction: &#x939;&#x93F;&#x902;&#x926;&#x940; &#x915;&#x939;&#x93E;&#x928;&#x940; </subfield>
    <subfield code="9">24243</subfield>
  </datafield>
  <datafield tag="650" ind1=" " ind2=" ">
    <subfield code="a">Hindi Literature:  &#x939;&#x93F;&#x928;&#x940; &#x938;&#x93E;&#x939;&#x93F;&#x924;&#x94D;&#x92F; </subfield>
    <subfield code="9">24244</subfield>
  </datafield>
  <datafield tag="700" ind1=" " ind2=" ">
    <subfield code="a">KUMAR (Pravin): &#x915;&#x941;&#x92E;&#x93E;&#x930; ( &#x92A;&#x94D;&#x930;&#x935;&#x940;&#x923;)</subfield>
    <subfield code="9">24245</subfield>
  </datafield>
  <datafield tag="942" ind1=" " ind2=" ">
    <subfield code="2">ddc</subfield>
    <subfield code="c">BK</subfield>
  </datafield>
  <datafield tag="999" ind1=" " ind2=" ">
    <subfield code="c">221954</subfield>
    <subfield code="d">221954</subfield>
  </datafield>
  <datafield tag="952" ind1=" " ind2=" ">
    <subfield code="0">0</subfield>
    <subfield code="1">0</subfield>
    <subfield code="2">ddc</subfield>
    <subfield code="4">0</subfield>
    <subfield code="7">0</subfield>
    <subfield code="8">HIN</subfield>
    <subfield code="a">AL</subfield>
    <subfield code="b">AL</subfield>
    <subfield code="d">2022-03-16</subfield>
    <subfield code="e">Biblios Book Point, Surathkal, Mangalore-575014</subfield>
    <subfield code="g">220.00</subfield>
    <subfield code="l">0</subfield>
    <subfield code="o">H891.3 KUMC</subfield>
    <subfield code="p">075711</subfield>
    <subfield code="r">2022-03-19 00:00:00</subfield>
    <subfield code="v">275.00</subfield>
    <subfield code="w">2022-03-19</subfield>
    <subfield code="y">BK</subfield>
  </datafield>
</record>
